000 00546nam a2200217Ia 4500
008 161112s9999 xx 000 0 und d
020 _a1-84430-081-1
050 _aCUL TX 803.T6
050 _b.Q48 2004
100 _aQuevremont, Catherine.
245 0 _aTomatoes /
245 0 _cCatherine Quevremont.
260 _aUnited Kingdom :
260 _bHachette Illustrated,
260 _c2004
300 _a62 pages :
300 _bcolor illustrations ;
300 _c20 cm.
440 _aWith friends.
650 _aCooking (Tomatoes).
999 _c305205
_d305205